Les 10 pays les moins consommateurs de fromages - Statistiques

Statistiques générales
  • Ce quiz a été pris 202 fois
  • Le résultat moyen est 4 sur 10
Statistiques - réponses
Hint Réponse % Correct
0,1 kg Chine
87%
2,4 kg Japon
84%
2,8 kg Corée du Sud
59%
0,3 kg Mongolie
40%
3,8 kg Brésil
38%
1,9 kg Afrique du Sud
18%
1,4 kg Colombie
15%
2,4 kg Kazakhstan
10%
3,6 kg Ukraine
7%
0,6 kg Zimbabwe
5%
Aucun quiz correspondant
Distribution des résultats
% des personnes avec chaque résultat
Percentile par nombre de réponses
Votre historique - résultats
Vous n’avez pas pris ce quiz